Model Course 1.23: proficiency in survival craft and rescue boats, other than fast rescue boats (Record no. 122)

000 -LEADER
fixed length control field 00531 a2200157 4500
008 - FIXED-LENGTH DATA ELEMENTS--GENERAL INFORMATION
fixed length control field 200212b ||||| |||| 00| 0 eng d
020 ## - INTERNATIONAL STANDARD BOOK NUMBER
International Standard Book Number 9789280161151
082 00 - DEWEY DECIMAL CLASSIFICATION NUMBER
Classification number 623.8887
Item number I339
110 ## - MAIN ENTRY--CORPORATE NAME
9 (RLIN) 76
Corporate name or jurisdiction name as entry element International Maritime Organization
245 ## - TITLE STATEMENT
Title Model Course 1.23: proficiency in survival craft and rescue boats, other than fast rescue boats
260 ## - PUBLICATION, DISTRIBUTION, ETC. (IMPRINT)
Name of publisher, distributor, etc International Maritime Organization,
Date of publication, distribution, etc 2000.
Place of publication, distribution, etc London:
300 ## - PHYSICAL DESCRIPTION
Extent v, 68 p.
490 0# - SERIES STATEMENT
Series statement Model Course 1.23
650 #0 - SUBJECT ADDED ENTRY--TOPICAL TERM
Topical term or geographic name as entry element Navigation--Safety measures
942 ## - ADDED ENTRY ELEMENTS (KOHA)
Source of classification or shelving scheme
Item type Books
Holdings
Withdrawn status Lost status Source of classification or shelving scheme Damaged status Not for loan Permanent location Current location Date acquired Source of acquisition Cost, normal purchase price Full call number Barcode Date last seen Cost, replacement price Koha item type Total Checkouts Date last borrowed
          IMU Kolkata IMU Kolkata 2018-04-19 Apex Book Services 1449.35 623.8887 I339 12895 2019-09-09 1449.35 Books    
          IMU Kolkata IMU Kolkata 2018-04-19 Apex Book Services 1449.35 623.8887 I339 12896 2019-09-09 1449.35 Books    
          IMU Kolkata IMU Kolkata 2000-08-16 Jyoti, the Book People   623.8887 I339 09282 2023-02-27 1215.81 Books 1 2022-09-15
Designed and Maintained by IMU-KC Library, Kolkata Campus © Copyright All Rights Reserved

webs counters

Powered by Koha